| 000 | 02972nam a22002417a 4500 | ||
|---|---|---|---|
| 005 | 20250506163618.0 | ||
| 008 | 250505b |||||||| |||| 00| 0 eng d | ||
| 020 | _a9789351611608 | ||
| 040 | _cAIMIT LIBRARY | ||
| 082 |
_21 _a658.1599 _bJEEC |
||
| 100 |
_aJeevanandam, C. _9209239 |
||
| 245 |
_aForeign exchange and risk management / _cBy C. Jeevanandam. |
||
| 260 |
_aNew Delhi : _bSultan Chand and Sons , _c2023. |
||
| 300 |
_axxiv,E-62 _bPB _c25cm. |
||
| 500 | _aThe book continues the tradition of providing a blend of sound theoretical knowledge of foreign exchange economics with practical and procedural aspects of banks and other institutions connected with foreign exchange. Each topic is comprehensively dealt with, looking at it from every angle, viz., the conceptual framework, exchange control regulations, rules of FEDAI and the International Chamber of Commerce, and procedures of banks. It presents in a cogent and understandable manner materials that lie scattered. The book is designed to meet the requirements of post-graduate courses in commerce and economics and MBA for papers such as ‘Foreign Exchange’, ‘Foreign Exchange Risk Management’ and ‘International Finance Management’. Practical questions that appeared in professional courses of Chartered Accountants, Cost and Management Accountants and Chartered Secretaries and MBA courses have been included in appropriate chapters with full solutions. To encourage student to attempt on his/her own the solutions are provided after the set of questions and not after each question | ||
| 505 | _a Contents : Section A: Framework of Foreign Exchange Introduction Foreign Exchange Regulations Balance of Payments International Monetary Systems Exchange Rate Determination International Monetary Fund Section B: Foreign Exchange Markets and Deals Foreign Exchange Market Forward Exchange Deals Merchant Rates – Ready Merchant Rates – Forward Merchant Rates – Cross Currency Execution of Forward Contract Exchange Management by Banks Section C: Derivatives and Risk Management Currency Derivatives Currency Futures Currency Options Corporate Policy on Exposure and Risk Transaction Exposure Accounting Foreign Currency Transactions Translation Exposure Economic Exposure Interest Rate Risk Financial Swaps Section D: Foreign Trade Procedures and Documents International Trade Procedures Letter of Credit International Trade Documents Bank Finance for Exports Section E: External Sources of Funds Non-resident Deposits and Investments International Financial Markets Raising Debt Abroad Raising Equity Abroad International Financial Institutions | ||
| 650 |
_aForeign exchange regulations _9209240 |
||
| 650 |
_aForeign exchange regulations _9209240 |
||
| 650 |
_aInternational monetary system _9209241 |
||
| 650 |
_aForward exchange deals _9209242 |
||
| 650 |
_aExchange management by banks _9209243 |
||
| 942 |
_2ddc _cBK _e1 _k658.1599 JEEC |
||
| 999 |
_c234281 _d234281 |
||